US States by 5 Most Populous Counties - Statistics

General Stats
  • This quiz has been taken 69 times
  • The average score is 37 of 50
Answer Stats
Hint Answer % Correct
Anchorage, Matanuska-Susitna, Fairbanks North Star, Kenai Peninsula, Juneau Alaska
93%
Honolulu, Hawai'i, Maui, Kauai, Kalawao Hawaii
93%
Salt Lake, Utah, Davis, Weber, Washington Utah
93%
Milwaukee, Dane, Waukesha, Brown, Racine Wisconsin
93%
Philadelphia, Allegheny, Montgomery, Bucks, Delaware Pennsylvania
92%
Los Angeles, San Diego, Orange, Riverside, San Bernardino California
90%
St. Louis, Jackson, St. Charles, Greene, Clay Missouri
90%
Kings, Queens, New York, Suffolk, Nassau New York
90%
Oklahoma, Tulsa, Cleveland, Canadian, Comanche Oklahoma
90%
Harris, Dallas, Tarrant, Bexar, Travis Texas
90%
Fairfield, Hartford, New Haven, New London, Litchfield Connecticut
89%
East Baton Rouge, Jefferson, Orleans, St. Tammany, Lafayette Louisiana
89%
Bernalillo, Doña Ana, Santa Fe, Sandoval, San Juan New Mexico
89%
Jefferson, Madison, Mobile, Baldwin, Tuscaloosa Alabama
87%
Miami-Dade, Broward, Palm Beach, Hillsborough, Orange Florida
87%
Providence, Kent, Washington, Newport, Bristol Rhode Island
87%
King, Pierce, Snohomish, Spokane, Clark Washington
87%
Maricopa, Pima, Pinal, Yavapai, Mohave Arizona
84%
Montgomery, Prince George's, Baltimore, Anne Arundel, Howard Maryland
82%
Clark, Washoe, Lyon, Nye, Elko Nevada
82%
El Paso, Denver, Arapahoe, Jefferson, Adams Colorado
80%
Middlesex, Worcester, Essex, Suffolk, Norfolk Massachusetts
80%
Bergen, Middlesex, Essex, Hudson, Ocean New Jersey
79%
Greenville, Charleston, Richland, Horry, Spartanburg South Carolina
77%
Fulton, Gwinnett, Cobb, DeKalb, Chatham Georgia
75%
Fairfax, Prince William, Loudoun, Chesterfield, Henrico Virginia
75%
Ada, Canyon, Kootenai, Bonneville, Twin Falls Idaho
74%
Cook, DuPage, Lake, Will, Kane Illinois
74%
Franklin, Cuyahoga, Hamilton, Summit, Montgomery Ohio
74%
Yellowstone, Gallatin, Missoula, Flathead, Cascade Montana
72%
New Castle, Sussex, Kent Delaware
70%
Wake, Mecklenburg, Guilford, Forsyth, Durham North Carolina
70%
Shelby, Davidson, Knox, Hamilton, Rutherford Tennessee
70%
Wayne, Oakland, Macomb, Kent, Genesee Michigan
69%
Hennepin, Ramsey, Dakota, Anoka, Washington Minnesota
69%
Laramie, Natrona, Campbell, Sweetwater, Fremont Wyoming
67%
Harrison, Hinds, DeSoto, Rankin, Jackson Mississippi
66%
Cass, Burleigh, Grand Forks, Ward, Williams North Dakota
66%
Cumberland, York, Penobscot, Kennebec, Androscoggin Maine
59%
Multnomah, Washington, Clackamas, Lane, Marion Oregon
57%
Chittenden, Rutland, Washington, Windsor, Franklin Vermont
56%
Marion, Lake, Allen, Hamilton, St. Joseph Indiana
54%
Pulaski, Benton, Washington, Faulkner, Saline Arkansas
51%
Johnson, Sedgwick, Shawnee, Wyandotte, Douglas Kansas
51%
Jefferson, Fayette, Kenton, Warren, Boone Kentucky
51%
Douglas, Lancaster, Sarpy, Hall, Buffalo Nebraska
51%
Minnehaha, Pennington, Lincoln, Brown, Brookings South Dakota
51%
Polk, Linn, Scott, Johnson, Black Hawk Iowa
49%
Hillsborough, Rockingham, Merrimack, Strafford, Grafton New Hampshire
49%
Kanawha, Berkeley, Monongalia, Cabell, Wood West Virginia
46%
No matching quizzes found
Score Distribution
Percent of People with Each Score
Percentile by Number Answered
Your Score History
You have not taken this quiz